Dissertatio Theologico-Moralis De Discrimine Virtutum Aeternarum Et Cessantium Post Mortem

Saved in:  
Bibliographic Details
Authors: Baumgarten, Siegmund Jakob 1706-1757 (Author) ; Bando, Joseph Friedrich 1726-1797 (Author)
Format: Print Book
Language:Latin
Subito Delivery Service: Order now.
Check availability: HBZ Gateway
WorldCat: WorldCat
Interlibrary Loan:Interlibrary Loan for the Fachinformationsdienste (Specialized Information Services in Germany)
Published: Halae Magdeburgicae Hilliger 1754
In:Year: 1754
Further subjects:B Thesis
B Dissertation:theol
Parallel Edition:Electronic
Sammlungen:

MARC

LEADER 00000cam a2200000 c 4500
001 1119265967
003 DE-627
005 20260107125440.0
007 tu
008 951204s1754 xx ||||| m 00| ||lat c
024 7 |a VD18 10570810  |2 vd18 
035 |a (DE-627)1119265967 
035 |a (DE-576)049265962 
035 |a (DE-599)BSZ049265962 
035 |a (OCoLC)312478467 
035 |a (OCoLC)312478467 
040 |a DE-627  |b ger  |c DE-627  |e rakwb 
041 |a lat 
084 |a 1  |2 ssgn 
100 1 |0 (DE-588)118653938  |0 (DE-627)133383407  |0 (DE-576)160202752  |4 aut  |a Baumgarten, Siegmund Jakob  |d 1706-1757 
109 |a Baumann, Sigismund Jacob 1706-1757  |a Baumgarten, Siegmund Jacob 1706-1757  |a Bavmgarten, Sigismvndvs Iacobvs 1706-1757  |a Baumgarten, Sigismundus I. 1706-1757  |a Baumgarten, Sigismund. Jac. 1706-1757  |a Baumgarten, Sigism. Jac. 1706-1757  |a Baumgarten, Sigm. Jakob 1706-1757  |a Bavmgarten, Sigism. Iacobvs 1706-1757  |a Baumgarten, Sigismund Jacob 1706-1757  |a Baumgarten, Sigismund J. 1706-1757  |a Baumgarten, Sig. Iacobus 1706-1757  |a Baumgarten, Siegmund J. 1706-1757  |a Baumgarten, S.J. 1706-1757  |a Baumgarten, Siemund Jakob 1706-1757  |a Baumgarten, Sigism. Iacob 1706-1757  |a Baumgarten, Sigmund Jacob 1706-1757  |a Baumgarten, Sigism. Iacobus 1706-1757  |a Baumgarten, Siegmund Jakob 1706-1757  |a Baumgarten, Jacobus Sigismundus 1706-1757  |a Baumgarten, Sigismundus Iacobus 1706-1757  |a Baumgarten, Sigismundus Jacobus 1706-1757  |a Baumgarten, Jakob 1706-1757  |a Baumgarten, Siegismund Jakob 1706-1757  |a Baumgarten, Siegm. J. 1706-1757  |a Baumgarten, Sigismund Iacobus 1706-1757  |a Bavmgarten, Sigismvnd Iacob 1706-1757  |a Baumgarten, Siegm. Jac. 1706-1757  |a Baumgarten, Siegm. Jacob 1706-1757  |a Baumgarten, Sigmund J. 1706-1757  |a Baumgarten, Sigismund Jacobus 1706-1757  |a Baumgarten, Sig. Jacobus 1706-1757  |a Baumgarten, Sigmund Jakob 1706-1757  |a Baumgarten, Sigismund Jakob 1706-1757  |a Baumgarten, Sigism. Jacobus 1706-1757 
245 1 0 |a Dissertatio Theologico-Moralis De Discrimine Virtutum Aeternarum Et Cessantium Post Mortem  |c Quam Praeside Sigism. Jacob. Baumgarten S. S. Theol. Doct. ... Ad D. April. A. C. MDCCXXXXIX. Subiiciet Auctor Josephus Fridericus Bando Marckovia-Mesomarchicus 
264 1 |a Halae Magdeburgicae  |b Hilliger  |c 1754 
300 |a 37 S., [1] Bl.  |c 4o 
336 |a Text  |b txt  |2 rdacontent 
337 |a ohne Hilfsmittel zu benutzen  |b n  |2 rdamedia 
338 |a Band  |b nc  |2 rdacarrier 
502 |a Zugl.: Halle, Saale, Univ., Diss., 1749 
583 1 |a Digitalisiert  |f VD18  |2 pdager  |5 DE-14 
655 7 |a Hochschulschrift  |0 (DE-588)4113937-9  |0 (DE-627)105825778  |0 (DE-576)209480580  |2 gnd-content 
655 7 |a Dissertation:theol  |0 (DE-627)096631155  |2 local 
700 1 |0 (DE-588)101033710  |0 (DE-627)614487315  |0 (DE-576)313986479  |4 aut  |a Bando, Joseph Friedrich  |d 1726-1797 
751 |a Halle (Saale)  |0 (DE-588)4023025-9  |0 (DE-627)104745673  |0 (DE-576)208947132  |4 uvp 
776 0 8 |i Erscheint auch als  |n Online-Ausgabe  |a Baumgarten, Siegmund Jakob, 1706 - 1757  |t Dissertatio Theologico-Moralis De Discrimine Virtutum Aeternarum Et Cessantium Post Mortem  |d Halae Magdeburgicae : Hilliger, 1754  |h 37 S., [1] Bl.  |w (DE-627)143350443X  |w (DE-576)363504435  |k Electronic 
850 |a RedVD18-DE-14 
889 |w (DE-627)732307619 
912 |a vd18 
935 |a mteo 
935 |i vd18 
951 |a BO 
ELC |b 1 
LOK |0 000 xxxxxcx a22 zn 4500 
LOK |0 001 4840783578 
LOK |0 003 DE-627 
LOK |0 004 1119265967 
LOK |0 005 20260107123304 
LOK |0 008 260107||||||||||||||||ger||||||| 
LOK |0 040   |a DE-Tue135  |c DE-627  |d DE-Tue135 
LOK |0 092   |o n 
LOK |0 852   |a DE-Tue135 
LOK |0 852 1  |9 00 
LOK |0 866   |x SPQUE#VD (Historische deutsche Nationalbibliographie)#SPSAM#VD18 
LOK |0 935   |a ixvd  |a ixv8 
LOK |0 939   |a 07-01-26  |b l01 
ORI |a SA-MARC-ixtheoa001.raw